00705cam a22001813a 450000100060000000300060000600500170001200800410002904000150007004200070008510000180009224502630011026000290037350600300040251600200043283000290045285600420048143568PGUSA20140828084006.0130826s2013||||xxu|||||s|||||000 | eng d aPGUSAbeng adc1 aMurdoch, John10aEthnological results of the Point Barrow expedition :bNinth Annual Report of the Bureau of Ethnology to the Secretary of the Smithsonian Institution, 1887-1888, Government Printing Office, Washington, 1892, pages 3-442h[electronic resource] /cJohn Murdoch bProject Gutenberg,c2013 aPublic domain in the USA. aElectronic text 0aProject Gutenbergv4356840uhttp://www.gutenberg.org/ebooks/43568